|
|
|
|
| LEADER |
00000nam a2200000 a 4500 |
| 001 |
vtls001331711 |
| 003 |
SK-MaSNL |
| 005 |
20260302070542.0 |
| 008 |
180815s1979 xo 0 slo |
| 020 |
|
|
|c 60,00
|
| 035 |
|
|
|a SNK000284597
|
| 040 |
|
|
|a SNK
|b slo
|c SNK
|e AACR2
|
| 041 |
0 |
|
|a slo
|
| 044 |
|
|
|a xo
|c SK
|
| 080 |
|
|
|a 32.019.5
|2 1981
|
| 245 |
1 |
|
|a Ideovo výchovný kalendár
|b metodická pomôcka pre vnútornú potrebu výchovných zariadení rezortu Ministerstva stavebníctva SSR
|
| 260 |
|
|
|a Bratislava
|b Ústav vzdelávania v stavebníctve
|c 1979
|
| 300 |
|
|
|a ca 250 s.
|c 29 cm
|
| 650 |
0 |
7 |
|a práca ideovo-výchovná
|x materiály metodické
|2 SNK
|9 731163
|
| 958 |
|
|
|a OND
|
| 999 |
|
|
|c 1147813
|d 1149743
|
| 952 |
|
|
|t P60, <03>, [BOOK], {603}
|a SNK
|b SNK
|y PREZ
|7 0
|p 17A0138606
|o snkSB 58917
|i snkK 899/98
|0 0
|1 0
|4 0
|d 1998-05-19
|f 1
|l 0
|r 2017-06-30 00:00:00
|w 2026-02-24
|